00333nam a2200109Ia 4500008004100000082000800041100002000049245003600069942000600105952009700111999001500208240331s9999 xx 000 0 und d bWEL aMarga institute 0aWelfare and growth in Sri Lanka cL 001040708LaWERCLbWERCLcSSCd2024-03-31l0o 330.9 WELp1692r2024-03-31w2024-03-31yL c2585d2585